000 00781nam a2200217 a 4500
001 000021905
005 20240501193633.0
008 100914s1973 sp a r 000 0 spa d
020 _a84300059296
040 _aDO-SdBNP
_bspa
_cBNPHU
082 _a378
_bU56e
110 1 _aUNESCO.
_bOficina de Educación Iberoamericana
_945456
245 1 0 _aEstudios superiores :
_bexposición comparativa de los sistemas de enseñanza y de los títulos y diplomas.
260 _aBarcelona :
_bPromoción Cultural :
_bUNESCO,
_c1973.
300 _av.2 :
_bil. ;
_c24 cm.
490 1 _aIII organización y normalización educativa
500 _aIncluye índice de países.
650 0 _aEducación superior
_9736
830 0 _aIII organización y normalización educativa
_945457
049 _aBNGR
999 _c21403
_d21403